Computer vision : (Record no. 89749)

MARC details
000 -LEADER
fixed length control field 00749nam a22002297a 4500
005 - DATE AND TIME OF LATEST TRANSACTION
control field 20141105125236.0
010 ## - LCCN (DPL NO)
LC control number ENG-111098
020 ## - INTERNATIONAL STANDARD BOOK NUMBER
Terms of availability 695.00
International Standard Book Number 9788120350601
035 ## - SYSTEM CONTROL NUMBER
System control number EN-94630
037 ## - SOURCE OF ACQUISITION
Source of stock number/acquisition DBAD/PUB
082 ## - DEWEY DECIMAL CLASSIFICATION NUMBER
Classification number 006.37
100 ## - MAIN ENTRY--PERSONAL NAME
Personal name Forsyth, David A.
245 ## - TITLE STATEMENT
Title Computer vision :
Statement of responsibility, etc by David A. Forsyth [and] Jean Ponce
Remainder of title a modern approach /
250 ## - EDITION STATEMENT
Edition statement 2nd ed
260 ## - PUBLICATION, DISTRIBUTION, ETC. (IMPRINT)
Place of publication, distribution, etc Delhi
Name of publisher, distributor, etc PHI Learning
Date of publication, distribution, etc 2015
270 ## - ADDRESS
City Delhi
Postal code 110092
Address Rimjhim House, 111, Patparganj Industrial Estate
300 ## - PHYSICAL DESCRIPTION
Extent xxix,761p. :
Dimensions 26cm(pbk)
Other physical details ill.
500 ## - GENERAL NOTE
General note Includes bibliographical references and index
650 ## - SUBJECT ADDED ENTRY--TOPICAL TERM
Topical term or geographic name as entry element Computer vision
Form subdivision Problems, exercises, etc.
700 ## - ADDED ENTRY--PERSONAL NAME
Personal name Ponce, Jean
942 ## - ADDED ENTRY ELEMENTS (KOHA)
Source of classification or shelving scheme Dewey Decimal Classification
Item type English Books
Call number suffix FOR
Classification part 006.37
Holdings
Withdrawn status Lost status Not for loan Collection code Home library Current library Date acquired Source of acquisition Cost, normal purchase price Full call number Barcode Copy number Cost, replacement price Koha item type
    Not For Loan Non-fiction D.B.Act.Division D.B.Act.Division 03/11/2014 DBAD/PUB 695.00 006.37 FOR EN-94630 1 695.00 English Books

© Delhi Public Library
Hit Counter
free hit counter